[Event "YUG-ch U20"]
[Site "Kopaonik"]
[Date "1995.??.??"]
[Round "?"]
[White "Zlatanovic, Boroljub"]
[Black "Kovacevic, Sinisa"]
[Result "1/2-1/2"]
[WhiteElo "2270"]
[BlackElo "2070"]
[PlyCount "87"]
[EventDate "1995.??.??"]
[EventType "tourn"]
[EventRounds "13"]
[EventCountry "YUG"]
[SourceTitle "EXT 2006"]
[Source "ChessBase"]
[SourceDate "2005.11.24"]
[SourceVersion "1"]
[SourceVersionDate "2005.11.24"]
[SourceQuality "1"]

1. e4 c6 2. d4 d5 3. Nc3 dxe4 4. Nxe4 Nd7 5. Nf3 Ngf6 6. Ng3 e6 7. Bc4 Nb6 8. Bb3 a5 9. a3 c5 10. 0-0 Qc7 11. Qe2 Bd6 12. Be3 0-0 13. c3 Nbd5 14. Bg5 h6 15. Bc1 b6 16. Re1 Ba6 17. Bc4 Bxc4 18. Qxc4 cxd4 19. Qxc7 Nxc7 20. Nxd4 Bc5 21. Nc6 b5 22. Be3 Bxe3 23. Rxe3 Ra6 24. Nd4 Rd8 25. Ne4 Nxe4 26. Rxe4 Rad6 27. Re5 Rd5 28. Rae1 R8d6 29. g3 b4 30. a4 bxc3 31. bxc3 Rb6 32. Rxd5 Nxd5 33. Rc1 e5 34. Nb5 Rc6 35. Kg2 Nb6 36. Kf3 Rc4 37. Re1 f6 38. Re4 Rxa4 39. Rxa4 Nxa4 40. Ke4 Nb6 41. Nd6 Kf8 42. Kd3 g6 43. c4 Ke7 44. c5 1/2-1/2